| 000 | 00612nam a2200205Ia 4500 | ||
|---|---|---|---|
| 003 | OSt | ||
| 005 | 20250510123700.0 | ||
| 008 | 210210b1972 xxu||||| |||| 00| 0 eng d | ||
| 040 | _cAL | ||
| 041 | _aKannada | ||
| 082 | _aK894.9 MURP | ||
| 100 |
_aMURALIDHARA UPADHYA. _dಮುರಳೀಧರ ಉಪಾಧ್ಯ _9209890 |
||
| 245 |
_aPejavara Sadashivarayaru. _bಪೇಜಾವರ ಸದಾಶಿವರಾಯರು |
||
| 260 |
_aMangaluru _bMangalagangotri _c1972 |
||
| 300 | _a64 | ||
| 650 |
_aPejavara Sadashivaraya _9209891 |
||
| 690 |
_aKannada Criticism _9209892 |
||
| 906 | _a032858 | ||
| 942 |
_2ddc _cBK |
||
| 999 |
_c84170 _d84170 |
||